| 000 | 01034nas a2200337 4500 | ||
|---|---|---|---|
| 001 | BR2014006321 | ||
| 003 | BR-BrBNA | ||
| 005 | 20231205124603.0 | ||
| 007 | ta | ||
| 008 | 230509b bl.|||p| |||| 00| 00por d | ||
| 040 |
_aBR-BrBNA _bpor _cBiblioteca Nacional de Agricultura |
||
| 041 | _a(Pt) | ||
| 072 | _aQ53; L02 | ||
| 100 | 1 | _aDuarte, V. | |
| 100 | 1 | _aStefanello, C. | |
| 100 | 1 | _aScher, A. | |
| 100 | 1 | _aSanturio, J.M. | |
| 100 | 1 | _aRosa, A.P. | |
| 100 | 1 | _aUttpatel, R. 1 | |
| 245 | 1 | _aDesempenho produtivo de matrizes de corte submetidas a dietas contendo aflatoxinas e glucomanano esterificados como adsorventes | |
| 650 | _aFRANGO DE CORTE | ||
| 650 | _aDIETA | ||
| 650 | _aADITIVO | ||
| 650 | _aMICOTOXINA | ||
| 650 | _aOVO | ||
| 650 | _aPRODUÇÃO | ||
| 773 | 0 |
_tRevista Brasileira de Zootecnia (Brazil) _xISSN 1806-9290 _g(Apr 2011), v. 40(4) p. 821-826 _wBR2014006321 |
|
| 856 | 4 | 0 | _uhttp://www.scielo.br/pdf/rbz/v40n4/16.pdf |
| 909 |
_a202311 _bLúcia _c55 _dLúcia Elande |
||
| 942 |
_2AGRIS _n0 _cANA |
||
| 999 |
_c239856 _d239856 |
||